000 00468pab a2200169 454500
008 180718b2017 xxu||||| |||| 00| 0 eng d
100 _aGanesan, Prathibha
245 _aKerala's dismal ranking in Swachh Survekshan, 2017
260 _c2017
300 _ap.26-28.
362 _a26 Aug
650 _aSwachh Survekshan
650 _aUrban development - India - Kerala
650 _aUrban development
773 _aEconomic and Political Weekly
909 _a115741
999 _c115735
_d115735